000 00873nas a2200313 4500
001 BR2011002056
003 BR-BrBNA
005 20231205114538.0
007 ta
008 230509b bl.|||p| |||| 00| 00por d
040 _aBR-BrBNA
_bpor
_cBiblioteca Nacional de Agricultura
041 _a(En)
072 _aK50
100 1 _aRezende, R.N.
100 1 _aLima, J.T.
100 1 _aSilva, J.R.M. da
100 1 _aNapoli, A.
100 1 _aAndrade, H.B.
100 1 _aFaria, A.L.R.
245 1 _aAir drying of logs from an Eucalyptus urophylla clone for carbonization use
650 _aMADEIRA
650 _aTORA
650 _aSECAGEM
650 _aEUCALIPTO
650 _aCARBONIZAÇÃO
773 0 _tCerne (Brazil)
_xISSN 0104-7760
_g(Oct-Dec 2010), v. 16(4) p. 565-572
_wBR2011002056
909 _a202311
_bLúcia
_c55
_dLúcia Elande
942 _2AGRIS
_n0
_cANA
999 _c209263
_d209263